| Tag |
First Indicator |
Second Indicator |
Subfields |
| LEADER |
00000cam a2200000 i 4500 |
| 001 |
in00000068113 |
| 005 |
20151008051337.0 |
| 008 |
800114s1974 lvra b 00000 rusr |
| 010 |
|
|
|a 75543602
|
| 035 |
|
|
|a (OCoLC)05871370
|
| 035 |
|
|
|9 AAG7309AM
|
| 040 |
|
|
|a DLC
|c RBN
|d RBN
|d TXA
|d UtOrBLW
|
| 041 |
0 |
|
|a rus
|a eng
|
| 049 |
|
|
|a TXAM
|d [
|v =t]
|v 1 [1497449]
|v 2 [1497450]
|v 3 [1497451]
|v 4 [1497452]
|v 5 [1497453]
|
| 050 |
0 |
0 |
|a TJ212
|b .D57
|
| 245 |
0 |
0 |
|a Diskretnye sistemy :
|b Mezhdunar. simpoziym, Riga 30 sent.-4 okt. 1974 g : doklady].
|
| 264 |
|
1 |
|a Riga :
|b Zinatne,
|c 1974.
|
| 300 |
|
|
|a 5 volumes :
|b illustrations ;
|c 20 cm.
|
| 336 |
|
|
|a text
|b txt
|2 rdacontent
|
| 337 |
|
|
|a unmediated
|b n
|2 rdamedia
|
| 338 |
|
|
|a volume
|b nc
|2 rdacarrier
|
| 500 |
|
|
|a At head of title: Mezhdunarodnaia federatsiia po avtomaticheskomu upravleniiu, and other organizations.
|
| 500 |
|
|
|a Added title page: Discrete systems.
|
| 500 |
|
|
|a Russian title in Cyrillic characters.
|
| 500 |
|
|
|a Russian or English; table of contents also in English.
|
| 504 |
|
|
|a Includes bibliographies.
|
| 650 |
|
0 |
|a Automatic control
|v Congresses.
|
| 650 |
|
0 |
|a Discrete-time systems
|x Congresses.
|
| 710 |
2 |
|
|a International Federation of Automatic Control.
|
| 740 |
0 |
|
|a Discrete systems.
|
| 999 |
|
|
|a MARS
|
| 999 |
f |
f |
|s 7acacf81-ec7d-3714-ab6f-22556344a439
|i 6a0c8fd3-eb68-31b6-a085-fd50e6f6804f
|t 0
|
| 952 |
f |
f |
|p ric
|a Texas A&M University
|b Rellis Campus
|c Joint Library Facility
|d Remote Storage
|t 0
|e TJ212 .D57
|h Library of Congress classification
|i unmediated -- volume
|k t.1
|m A14805429808
|
| 952 |
f |
f |
|p ric
|a Texas A&M University
|b Rellis Campus
|c Joint Library Facility
|d Remote Storage
|t 0
|e TJ212 .D57
|h Library of Congress classification
|i unmediated -- volume
|k t.2
|m A14805429816
|
| 952 |
f |
f |
|p ric
|a Texas A&M University
|b Rellis Campus
|c Joint Library Facility
|d Remote Storage
|t 0
|e TJ212 .D57
|h Library of Congress classification
|i unmediated -- volume
|k t.4
|m A14805429832
|
| 952 |
f |
f |
|p ric
|a Texas A&M University
|b Rellis Campus
|c Joint Library Facility
|d Remote Storage
|t 0
|e TJ212 .D57
|h Library of Congress classification
|i unmediated -- volume
|k t.5
|m A14805429840
|
| 952 |
f |
f |
|p ric
|a Texas A&M University
|b Rellis Campus
|c Joint Library Facility
|d Remote Storage
|t 0
|e TJ212 .D57
|h Library of Congress classification
|i unmediated -- volume
|k t.3
|m A14805429824
|
| 998 |
f |
f |
|a TJ212 .D57
|s t.1-t.5
|t 0
|l Remote Storage
|